[Event "September Blitz"]
[Site "SchemingMind.com"]
[Date "2011.09.05"]
[Round "-"]
[White "kenneth m day"]
[Black "CortexContusion"]
[Result "1-0"]
[WhiteCountry "USA"]
[BlackCountry "USA"]
[WhiteElo "1943"]
[WhiteRD "55"]
[BlackElo "1779"]
[BlackRD "69"]
[GameID "292304"]

1. d4 d5 2. Nf3 c5 3. e3 Nf6 4. b3 e6 5. Bd3 Nc6 6. O-O Bd6 7. Bb2 cxd4 8. exd4 O-O 9. Nbd2 Nb4 10. Be2 Nc6
11. a3 Qe7 12. Re1 Qc7 13. Bd3 Ng4 14. Ne5 Ngxe5 15. dxe5 Bxe5 16. Bxe5 Nxe5 17. Bxh7+ Kxh7 18. Qh5+ Kg8 19. Rxe5 Qxc2 20. Nf3 Qh7
21. Qg4 f6 22. Rh5 e5 23. Qh4 Qg6 24. Rc1 Bg4 25. Rh8+ Kf7 26. Nxe5+ fxe5 27. Rc7+ Ke6 28. Qe7+ Kf5 29. Rxf8+ Rxf8 30. Qxf8+
1-0

[Event "September Blitz"]
[Site "SchemingMind.com"]
[Date "2011.09.06"]
[Round "-"]
[White "berra"]
[Black "jtrochez1"]
[Result "0-1"]
[WhiteCountry "SWE"]
[BlackCountry "HON"]
[WhiteElo "1513"]
[WhiteRD "65"]
[BlackElo "1571"]
[BlackRD "53"]
[GameID "292402"]

1. e4 e5 2. Nf3 Nc6 3. Bb5 d6 4. d4 exd4 5. Bxc6+ bxc6 6. Nxd4 Bd7 7. O-O Be7 8. Re1 h6 9. b3 c5 10. Nf5 Bf6
11. c3 Ne7 12. b4 Bxf5 13. exf5 cxb4 14. Qf3 O-O 15. Qg4 Kh7 16. Re3 c5 17. Rh3 Ng8 18. Bb2 Re8 19. Nd2 bxc3 20. Bc1 cxd2
21. Bxd2 Bxa1 22. Rg3 Bf6 23. h4 d5 24. Bg5 Re1+ 25. Kh2 Qd6 26. Bxf6 Qxf6 27. h5 Ne7 28. Qf3 Qa1 29. Rg4 Qe5+ 30. g3 Nxf5
31. Rf4 Ne3 32. Rxf7 Nf1+ 33. Kg2 Qe4 34. Qxe4+ dxe4 35. Re7 e3 36. fxe3 Rf8 37. Re4 Nxe3+ 38. Kh3 Rh1#
0-1

[Event "September Blitz"]
[Site "SchemingMind.com"]
[Date "2011.09.07"]
[Round "-"]
[White "berra"]
[Black "e_castle3"]
[Result "0-1"]
[WhiteCountry "SWE"]
[BlackCountry "PHI"]
[WhiteElo "1513"]
[WhiteRD "65"]
[BlackElo "1877"]
[BlackRD "52"]
[GameID "292403"]

1. Nf3 g6 2. c4 Bg7 3. g3 e5 4. d4 exd4 5. Nxd4 Qf6 6. e3 Ne7 7. Bg2 Nbc6 8. O-O O-O 9. Nxc6 Nxc6 10. Bxc6 dxc6
11. a4 Bh3 12. Re1 c5 13. Qd5 Qb6 14. Re2 Rad8 15. Rd2 Rxd5 16. Rxd5 Bxb2 17. Bxb2 Qxb2 18. Rd1 Qxa1 19. f4 Qxa4 20. Nc3 Qc2
0-1

[Event "September Blitz"]
[Site "SchemingMind.com"]
[Date "2011.09.06"]
[Round "-"]
[White "berra"]
[Black "CortexContusion"]
[Result "0-1"]
[WhiteCountry "SWE"]
[BlackCountry "USA"]
[WhiteElo "1513"]
[WhiteRD "65"]
[BlackElo "1805"]
[BlackRD "69"]
[GameID "292404"]

1. e3 e5 2. Nf3 Nc6 3. Bb5 Bd6 4. d4 exd4 5. Bxc6 dxc6 6. Nxd4 Nf6 7. e4 Nxe4 8. O-O O-O 9. Qf3 Ng5 10. Bxg5 Qxg5
11. g3 Bg4 12. h4 Qg6 13. Qg2 Qf6 14. Nb3 Qxb2 15. N1d2 Qxc2 16. Rfc1 Qd3 17. Qe4 Qxe4 18. Nxe4 Be7 19. Nd4 Rad8 20. Rc4 b5
21. Nxc6 bxc4 22. Nxe7+ Kh8 23. Nc3 Rfe8 24. Re1 a6 25. Kf1 Bf3 26. Ncd5 Bxd5 27. Re5 Be6 28. Nc6 Rd6 29. Rc5 Rd1+ 30. Ke2 Bg4#
0-1

[Event "September Blitz"]
[Site "SchemingMind.com"]
[Date "2011.09.07"]
[Round "-"]
[White "berra"]
[Black "mmccaffe"]
[Result "1-0"]
[WhiteCountry "SWE"]
[BlackCountry "USA"]
[WhiteElo "1554"]
[WhiteRD "68"]
[BlackElo "1668"]
[BlackRD "48"]
[GameID "292405"]

1. d4 Nf6 2. c4 g6 3. Nc3 d5 4. Nf3 Bg7 5. e3 O-O 6. Bd3 Nc6 7. cxd5 Nxd5 8. h4 h5 9. Qc2 Ndb4 10. Qd2 Nxd3+
11. Qxd3 Bf5 12. e4 Bg4 13. d5 Bxf3 14. Qxf3 Nd4 15. Qd3 c5 16. O-O Qb6 17. Rb1 Rad8 18. b3
1-0

[Event "September Blitz"]
[Site "SchemingMind.com"]
[Date "2011.09.07"]
[Round "-"]
[White "berra"]
[Black "emvarela"]
[Result "0-1"]
[WhiteCountry "SWE"]
[BlackCountry "ARG"]
[WhiteElo "1513"]
[WhiteRD "65"]
[BlackElo "1751"]
[BlackRD "48"]
[GameID "292406"]

1. e4 e5 2. Nf3 Nc6 3. Bb5 a6 4. Ba4 Nf6 5. O-O Be7 6. d3 d6 7. Bb3 O-O 8. a4 Bg4 9. c3 Na5 10. Nbd2 Nxb3
11. Qxb3 Bxf3 12. Nxf3 b6 13. c4 c5 14. Bd2 h6 15. a5 Nd7 16. Bc3 bxa5 17. Rxa5 Qb6 18. Qa4 Nb8 19. Rb1 Nc6 20. Nd2 Nxa5
21. Bxa5 Qb7 22. b4 Rfb8 23. bxc5 Qxb1+ 24. Nf1 Qxd3 25. h3 Rb1 26. Bd2 Qxf1+ 27. Kh2 Qg1+ 28. Kg3 Bh4+ 29. Kxh4 Qxf2+
0-1

[Event "September Blitz"]
[Site "SchemingMind.com"]
[Date "2011.09.07"]
[Round "-"]
[White "berra"]
[Black "kenneth m day"]
[Result "1-0"]
[WhiteCountry "SWE"]
[BlackCountry "USA"]
[WhiteElo "1513"]
[WhiteRD "65"]
[BlackElo "1938"]
[BlackRD "56"]
[GameID "292407"]

1. d4 d5 2. Nf3 Nf6 3. Nbd2 Bf5 4. c4 e6 5. Ne5 Nbd7 6. e3 Be7 7. Nb3 b6 8. Bd3 Bxd3 9. Qxd3 Nxe5 10. dxe5 Ne4
11. O-O O-O 12. Nd4 Qd7 13. Qb3 c6 14. Qa4 Rfc8 15. Qc2 Qc7 16. b3 Qxe5 17. Bb2 Qh5 18. Qe2 Qg6 19. Nf3 c5 20. cxd5 exd5
21. Rad1 Rd8 22. g3 Bf6 23. Ne5 Qf5 24. f4 Qh3 25. Rf3 Rd6 26. g4 Qh4 27. g5 Be7 28. Qg2 Nxg5 29. fxg5 Qxg5 30. Rg3 Qh6
31. Rf1 Rf8 32. Nd7 Rg6 33. Nxf8 Kxf8 34. Qf3 Bf6 35. Bxf6 Rxf6 36. Qxd5 Rxf1+ 37. Kxf1 Qf6+ 38. Rf3
1-0

[Event "September Blitz"]
[Site "SchemingMind.com"]
[Date "2011.09.07"]
[Round "-"]
[White "jtrochez1"]
[Black "berra"]
[Result "1-0"]
[WhiteCountry "HON"]
[BlackCountry "SWE"]
[WhiteElo "1592"]
[WhiteRD "49"]
[BlackElo "1554"]
[BlackRD "68"]
[GameID "292408"]

1. e4 e6 2. d4 d5 3. e5 c5 4. Bb5+ Bd7 5. Bxd7+ Nxd7 6. c3 g6 7. Nf3 f6 8. Qa4 Bh6 9. Nbd2 Ne7 10. exf6 Nc6
11. f7+ Kf8 12. O-O Kxf7 13. Re1 Qc7 14. Nf1 Nb6 15. Qd1 Bg7 16. Ng5+ Ke7 17. Rxe6+ Kd7 18. Qg4 Ne5 19. dxe5 Bxe5 20. Rxe5+ Kc6
21. Re6+ Kb5 22. a4+ Ka6 23. a5
1-0

[Event "September Blitz"]
[Site "SchemingMind.com"]
[Date "2011.09.07"]
[Round "-"]
[White "e_castle3"]
[Black "berra"]
[Result "1-0"]
[WhiteCountry "PHI"]
[BlackCountry "SWE"]
[WhiteElo "1877"]
[WhiteRD "52"]
[BlackElo "1513"]
[BlackRD "65"]
[GameID "292409"]

1. f4 e6 2. Nf3 Bd6 3. e3 Nf6 4. d4 c5 5. c3 Qc7 6. Ne5 O-O 7. Be2 Bxe5 8. fxe5 Ne4 9. Nd2 Nxd2 10. Bxd2 d6
11. O-O Nd7 12. exd6 Qxd6 13. Be1 Qc6 14. Bg3 Nf6 15. Bf3 Qd7 16. dxc5 Qxd1 17. Raxd1 Re8 18. c6 Nd5 19. Rxd5 bxc6 20. Rd6 Bb7
21. Bxc6 Bxc6 22. Rxc6 Red8 23. Rc7 f6 24. b4 a6 25. a4 Rd5 26. h3 f5 27. c4 Rd3 28. Kf2 Re8 29. Ke2 Rdd8 30. Ra7 Ra8
31. Rxa8 Rxa8 32. Rd1 Kf7 33. c5 Rc8 34. Rd7+ Kg8 35. Ra7 Rc6 36. Bd6 h5 37. b5 axb5 38. axb5 Rc8 39. b6
1-0

[Event "September Blitz"]
[Site "SchemingMind.com"]
[Date "2011.09.07"]
[Round "-"]
[White "CortexContusion"]
[Black "berra"]
[Result "1-0"]
[WhiteCountry "USA"]
[BlackCountry "SWE"]
[WhiteElo "1805"]
[WhiteRD "69"]
[BlackElo "1513"]
[BlackRD "65"]
[GameID "292410"]

1. c4 c5 2. Nf3 d6 3. Nc3 Nf6 4. d3 e5 5. e4 Be7 6. Bg5 O-O 7. Be2 a6 8. O-O Bd7 9. Qd2 Bg4 10. a3 Bxf3
11. Bxf3 d5 12. Bxf6 Bxf6 13. Nxd5 Nc6 14. Nxf6+ Qxf6 15. b4 Nd4 16. Bd1 Rac8 17. Rb1 b5 18. Rc1 Qe6 19. h3 Qd6 20. f4 f6
21. bxc5 Qxc5 22. Qc3 Nb3+ 23. d4 Qxd4+ 24. Qxd4 Nxd4 25. Bg4 f5 26. Bxf5 Nxf5 27. exf5 Rxc4 28. Rxc4 bxc4 29. Rc1 exf4 30. Rxc4 Rxf5
31. Kf2 g5 32. Kf3 h5 33. Rc6 a5 34. a4 Kg7 35. Rb6 g4+ 36. hxg4 Rf6 37. Rxf6 Kxf6 38. gxh5 Kg5 39. h6 Kxh6 40. Kxf4
1-0

[Event "September Blitz"]
[Site "SchemingMind.com"]
[Date "2011.09.07"]
[Round "-"]
[White "mmccaffe"]
[Black "berra"]
[Result "0-1"]
[WhiteCountry "USA"]
[BlackCountry "SWE"]
[WhiteElo "1668"]
[WhiteRD "48"]
[BlackElo "1554"]
[BlackRD "68"]
[GameID "292411"]

1. d4 d5 2. c4 c6 3. Nf3 Nf6 4. Nc3 e6 5. Bf4 Bd6 6. Bxd6 Qxd6 7. e3 O-O 8. Bd3 h6 9. Qc2 Ne4 10. Nxe4 Qb4+
11. Qc3 Qxc3+ 12. bxc3 Nd7 13. Ned2 Re8 14. O-O e5 15. dxe5 Nxe5 16. Nxe5 Rxe5 17. cxd5 Rxd5
0-1

[Event "September Blitz"]
[Site "SchemingMind.com"]
[Date "2011.09.07"]
[Round "-"]
[White "emvarela"]
[Black "berra"]
[Result "1-0"]
[WhiteCountry "ARG"]
[BlackCountry "SWE"]
[WhiteElo "1751"]
[WhiteRD "48"]
[BlackElo "1513"]
[BlackRD "65"]
[GameID "292412"]

1. e4 c5 2. Nf3 d6 3. d4 cxd4 4. Nxd4 Nf6 5. Nc3 g6 6. Be3 Bg7 7. f3 Nc6 8. Qd2 O-O 9. O-O-O e6 10. g4 d5
11. Nxc6 bxc6 12. exd5 Re8 13. dxc6 Qxd2+ 14. Rxd2 Rb8 15. Bg2 Nd5 16. Nxd5 exd5 17. Bd4 Bh6 18. f4 Bg7 19. Bxg7 Kxg7 20. Bxd5 Bxg4
21. c4 Be6 22. Re1 Bxd5 23. Rxe8 Rxe8 24. cxd5 Rc8 25. b4 Kf6 26. Rd4 Ke7 27. Kd2 Kd6 28. Kd3 f5 29. a4 a6 30. Kc4 Re8
31. b5 axb5+ 32. axb5 Re4 33. Rxe4 fxe4 34. b6 e3 35. Kd3 Kxd5 36. c7
1-0

[Event "September Blitz"]
[Site "SchemingMind.com"]
[Date "2011.09.07"]
[Round "-"]
[White "kenneth m day"]
[Black "berra"]
[Result "1-0"]
[WhiteCountry "USA"]
[BlackCountry "SWE"]
[WhiteElo "1938"]
[WhiteRD "56"]
[BlackElo "1513"]
[BlackRD "65"]
[GameID "292413"]

1. d4 d5 2. Bf4 e6 3. Nf3 Bd6 4. Bg3 f6 5. e3 Bd7 6. Bd3 Bxg3 7. hxg3 Nh6 8. Nh4 O-O 9. Nd2 e5 10. dxe5 f5
11. Qe2 Ng4 12. O-O-O Nc6 13. f4 Be6 14. Rh3 a6 15. Rdh1 Kf7 16. Nxf5 Nh6 17. Nxh6+ Ke7 18. Rh5 Kd7 19. Bxh7 gxh6 20. Rxh6 Re8
21. Qh5 Kc8 22. Rxe6 Ne7 23. Qg4 Kb8 24. Qg7 Ng8 25. Rxe8 Qxe8 26. Qxg8 Qxg8 27. Bxg8 c6 28. e6 Kc7 29. Bf7 Kd6 30. Nf3 c5
31. f5 Ke7 32. g4
1-0

[Event "September Blitz"]
[Site "SchemingMind.com"]
[Date "2011.09.07"]
[Round "-"]
[White "abuteague"]
[Black "jtrochez1"]
[Result "1-0"]
[WhiteCountry "USA"]
[BlackCountry "HON"]
[WhiteElo "1635"]
[WhiteRD "63"]
[BlackElo "1592"]
[BlackRD "49"]
[GameID "292457"]

1. d4 d5 2. c4 e6 3. Nc3 Ne7 4. e4 c6 5. cxd5 exd5 6. e5 Be6 7. Nf3 h6 8. Be2 Ng6 9. O-O Be7 10. a3 O-O
11. Bd3 Qe8 12. Be3 Bg4 13. h3 Be6 14. Qd2 Nh4 15. Nxh4 g5 16. Nf3 f5 17. Nxg5 hxg5 18. Bxg5 Rf7 19. Bxe7 Qxe7 20. Qf4 Nd7
21. Rfe1 Nf8 22. Re3 Ng6 23. Qh6 Rg7 24. Rg3 Qf7 25. h4 Nxh4 26. Rxg7+ Qxg7 27. Qxe6+ Kh8 28. Qf6 Kg8 29. Qxh4 Rf8 30. Qg3 Qxg3
31. fxg3 f4 32. gxf4 Rxf4 33. Ne2 Rf8 34. Rf1 Rxf1+ 35. Kxf1 Kf7 36. g4 b6 37. g5 c5 38. g6+ Kg7 39. Nf4 c4 40. Bc2 b5
41. Nxd5 a5 42. e6
1-0

[Event "September Blitz"]
[Site "SchemingMind.com"]
[Date "2011.09.07"]
[Round "-"]
[White "abuteague"]
[Black "e_castle3"]
[Result "0-1"]
[WhiteCountry "USA"]
[BlackCountry "PHI"]
[WhiteElo "1635"]
[WhiteRD "63"]
[BlackElo "1849"]
[BlackRD "52"]
[GameID "292458"]

1. d4 d5 2. c4 Nf6 3. Nf3 Bg4 4. e3 e6 5. Qb3 Bxf3 6. Qxb7 Nbd7 7. gxf3 dxc4 8. Bxc4 Nb6 9. Qc6+ Nfd7 10. Bxe6 fxe6
11. Qxe6+ Qe7 12. Qxe7+ Bxe7 13. Rg1 O-O 14. f4 Bb4+ 15. Bd2 a5 16. Bxb4 axb4 17. b3 Nd5 18. Nd2 Nc3 19. Nc4 Rxa2 20. Rxa2 Nxa2
21. Kd2 Nc3 22. Kd3 Ra8 23. Nd2 Kf7 24. Kc4 Ra2 25. Kxb4 Rxd2 26. Kxc3 Rxf2 27. Rh1 Nf6 28. Kd3 Rf3 29. h3 Ke6 30. Rg1 g6
31. Rc1 Kd6 32. Ke2 Rxh3 33. Rc3 Nd5 34. Rd3 h5 35. Kd2 h4 36. e4 Rxd3+
0-1

[Event "September Blitz"]
[Site "SchemingMind.com"]
[Date "2011.09.08"]
[Round "-"]
[White "abuteague"]
[Black "CortexContusion"]
[Result "0-1"]
[WhiteCountry "USA"]
[BlackCountry "USA"]
[WhiteElo "1635"]
[WhiteRD "63"]
[BlackElo "1779"]
[BlackRD "69"]
[GameID "292459"]

1. d4 d5 2. c4 e6 3. Nc3 c5 4. cxd5 exd5 5. Nf3 Be6 6. dxc5 Bxc5 7. e3 Nf6 8. Bb5+ Nbd7 9. Ne5 O-O 10. Nxd7 Bxd7
11. Bxd7 Qxd7 12. O-O Bd6 13. h3 Rad8 14. Kh1 Qf5 15. a3 Ne4 16. Qxd5 Nxf2+ 17. Rxf2 Qxf2 18. e4 Qf1#
0-1

[Event "September Blitz"]
[Site "SchemingMind.com"]
[Date "2011.09.07"]
[Round "-"]
[White "abuteague"]
[Black "mmccaffe"]
[Result "1/2-1/2"]
[WhiteCountry "USA"]
[BlackCountry "USA"]
[WhiteElo "1635"]
[WhiteRD "63"]
[BlackElo "1668"]
[BlackRD "48"]
[GameID "292460"]

1. d4 Nf6 2. Bg5 g6 3. Bxf6 exf6 4. g3 Bg7 5. Bg2 O-O 6. e3 d5 7. Ne2 c5 8. O-O cxd4 9. Nxd4 Nc6 10. Nxc6 bxc6
11. Nc3 Ba6 12. Re1 f5 13. Qd2 Qb6 14. Rab1 Rfd8 15. Na4 Qc7 16. c3 Bb5 17. Nc5 Qb6 18. b4 Bc4 19. Bf1 Bxf1 20. Kxf1 a5
21. a3 axb4 22. axb4 Ra3 23. Rec1 Rda8 24. Nb3 Ra2 25. Rc2 Rxc2 26. Qxc2 Ra3 27. Nd4 c5 28. bxc5 Qxc5 29. Rb3 Rxb3 30. Qxb3 Bxd4
31. cxd4 Qc1+=
1/2-1/2

[Event "September Blitz"]
[Site "SchemingMind.com"]
[Date "2011.09.07"]
[Round "-"]
[White "abuteague"]
[Black "berra"]
[Result "1-0"]
[WhiteCountry "USA"]
[BlackCountry "SWE"]
[WhiteElo "1604"]
[WhiteRD "66"]
[BlackElo "1513"]
[BlackRD "65"]
[GameID "292461"]

1. d4 d5 2. c4 c6 3. Nf3 Nf6 4. Nc3 e6 5. e3 Nbd7 6. Bd3 dxc4 7. Bxc4 b5 8. Bb3 Qa5 9. Bd2 Qc7 10. O-O Bb7
11. Rc1 Qb6 12. Bc2 Rd8 13. a3 Be7 14. Ne4 Nd5 15. Qe1 b4 16. axb4 Rf8 17. Bd3 Rc8 18. b5 Nb4 19. Bxb4 cxb5 20. Rxc8+ Bxc8
21. Bxe7 Kxe7 22. Qb4+ Kd8 23. Qxb5 a6 24. Qxb6+ Nxb6 25. Nd6 Ke7 26. Nxc8+ Rxc8 27. Bxa6 Ra8 28. Bd3 f5 29. Ne5 Rc8 30. b3 Rc3
31. Bc4 Nd5 32. Bxd5 exd5 33. Rb1 Rc7 34. b4 Kd6 35. b5 Rb7 36. b6 g5 37. Nf7+ Kc6 38. Nxg5 h6 39. Nf3 Rxb6 40. Rxb6+ Kxb6
41. Nh4 h5 42. Nxf5 Kc6 43. h4
1-0

[Event "September Blitz"]
[Site "SchemingMind.com"]
[Date "2011.09.09"]
[Round "-"]
[White "abuteague"]
[Black "emvarela"]
[Result "0-1"]
[WhiteCountry "USA"]
[BlackCountry "ARG"]
[WhiteElo "1604"]
[WhiteRD "66"]
[BlackElo "1751"]
[BlackRD "48"]
[GameID "292462"]

1. d4 Nf6 2. Bg5 Ne4 3. Bf4 g5 4. Be3 e6 5. Nd2 Nxd2 6. Qxd2 Be7 7. Nf3 h6 8. d5 d6 9. dxe6 Bxe6 10. Bd4 Bf6
11. Bxf6 Qxf6 12. Qd4 Qxd4 13. Nxd4 c6 14. Nxe6 fxe6 15. O-O-O Ke7 16. e3 Rf8 17. f3 Nd7 18. e4 b5 19. h4 Nf6 20. hxg5 hxg5
21. e5 dxe5 22. Bd3 Nd5 23. Rh7+ Kd6 24. Be4 a5 25. b3 Kc5 26. Rdh1 Nc3 27. Kb2 Nxe4 28. fxe4 Rf4 29. Re1 Rg4 30. Re2 Rd8
31. Re7 Rd6 32. a3 b4 33. axb4+ axb4 34. c4 Rd4 35. Rxe6= Rdxe4 36. Rxe5+ Rxe5 37. Rxe5+ Kd4 38. Re2 Kd3 39. Rf2 Rf4 40. Rc2 g4
41. Kc1 Rf1+ 42. Kb2 g3 43. c5 Rf2
0-1

[Event "September Blitz"]
[Site "SchemingMind.com"]
[Date "2011.09.07"]
[Round "-"]
[White "abuteague"]
[Black "kenneth m day"]
[Result "0-1"]
[WhiteCountry "USA"]
[BlackCountry "USA"]
[WhiteElo "1635"]
[WhiteRD "63"]
[BlackElo "1943"]
[BlackRD "55"]
[GameID "292463"]

1. d4 d5 2. c4 c6 3. Nc3 Nf6 4. Nf3 dxc4 5. a4 Bf5 6. e3 e6 7. Bxc4 Bb4 8. O-O O-O 9. Qe2 Nbd7 10. Ne5 Re8
11. Rd1 Qc7 12. Nxd7 Qxd7 13. f3 Qc7 14. Na2 Be7 15. e4 Bg6 16. Bd2 Red8 17. Bc3 Qf4 18. Qd2 Qh4 19. Bb4 c5 20. Ba3 Rxd4
21. Qe1 Qxe1+ 22. Rxe1 Rxc4
0-1

[Event "September Blitz"]
[Site "SchemingMind.com"]
[Date "2011.09.07"]
[Round "-"]
[White "jtrochez1"]
[Black "abuteague"]
[Result "0-1"]
[WhiteCountry "HON"]
[BlackCountry "USA"]
[WhiteElo "1592"]
[WhiteRD "49"]
[BlackElo "1635"]
[BlackRD "63"]
[GameID "292464"]

1. e4 d6 2. d4 Nf6 3. Nc3 c6 4. Nf3 Qa5 5. Bd2 e5 6. dxe5 dxe5 7. Nd5 Qd8 8. Nxf6+ Qxf6 9. Be2 Bd6 10. h3 O-O
11. Bd3 Nd7 12. Be3 Nc5 13. Bxc5 Bxc5 14. Qd2 Be6 15. O-O Rad8 16. Ng5 Bc4 17. b3 Bxd3 18. cxd3 Rd6 19. Nf3 Rfd8 20. Ne1 Qf4
21. Qxf4 exf4 22. Rd1 Bb4 23. Nc2 Bc3 24. Ne1 Bxe1 25. Rfxe1 Rxd3 26. Rxd3 Rxd3 27. f3 g5 28. e5 Kg7 29. e6 fxe6 30. Rxe6 Kf7
31. Re2 Re3 32. Rxe3 fxe3 33. Kf1 Ke6 34. Ke2 Ke5 35. Kxe3 c5 36. g3 h5 37. f4+ gxf4+ 38. gxf4+ Kf5 39. Kf3 b5 40. a3 c4
0-1

[Event "September Blitz"]
[Site "SchemingMind.com"]
[Date "2011.09.07"]
[Round "-"]
[White "e_castle3"]
[Black "abuteague"]
[Result "1-0"]
[WhiteCountry "PHI"]
[BlackCountry "USA"]
[WhiteElo "1849"]
[WhiteRD "52"]
[BlackElo "1635"]
[BlackRD "63"]
[GameID "292465"]

1. f4 d6 2. Nf3 Bg4 3. e3 e5 4. fxe5 dxe5 5. Be2 Bxf3 6. Bxf3 c6 7. O-O Nf6 8. Nc3 Bb4 9. a3 Bxc3 10. bxc3 O-O
11. e4 Nbd7 12. d3 Nc5 13. Bg5 Ne6 14. Be3 b6 15. d4 Nd7 16. Qd2 f5 17. exf5 Rxf5 18. Bxc6 Rxf1+ 19. Kxf1 Rc8 20. Be4 exd4
21. cxd4 Qf6+ 22. Kg1 Ndc5 23. Bf3 Rd8 24. Rd1 Na4 25. Qb4 Nac5 26. dxc5 Rxd1+ 27. Bxd1 Qa1 28. Qd2 Nxc5 29. Bxc5 bxc5 30. Qd5+ Kf8
31. Qxc5+ Ke8 32. Qh5+ Kf8 33. Qf3+ Kg8 34. Qd3 h6 35. c4
1-0

[Event "September Blitz"]
[Site "SchemingMind.com"]
[Date "2011.09.08"]
[Round "-"]
[White "CortexContusion"]
[Black "abuteague"]
[Result "1/2-1/2"]
[WhiteCountry "USA"]
[BlackCountry "USA"]
[WhiteElo "1779"]
[WhiteRD "69"]
[BlackElo "1635"]
[BlackRD "63"]
[GameID "292466"]

1. e4 d6 2. d4 Nf6 3. Nc3 c6 4. Bd3 e5 5. d5 cxd5 6. Nxd5 Nxd5 7. exd5 Qa5+ 8. Bd2 Qxd5 9. Qf3 Qxf3 10. Nxf3 Bg4
11. Bb5+ Nc6 12. Ng5 Be7 13. Ne4 O-O 14. O-O Nd4 15. Bd3 d5 16. Nc3 Rfd8 17. h3 Be6 18. Rae1 e4 19. Be2 Nxc2 20. Rc1 Nd4
21. Be3 Nxe2+ 22. Nxe2 Bf6 23. Nd4 Bxd4 24. Bxd4 b6 25. Rc7 Rdc8 26. Rfc1 Rxc7 27. Rxc7 h6 28. a3 g5 29. Bf6 Kh7 30. Kf1 Kg6
31. Bd4 Kf5 32. Ke2 h5 33. Ke3 g4 34. h4 g3 35. fxg3 Kg4 36. Kf2 Kf5 37. Ke3 Kg4=
1/2-1/2

[Event "September Blitz"]
[Site "SchemingMind.com"]
[Date "2011.09.07"]
[Round "-"]
[White "mmccaffe"]
[Black "abuteague"]
[Result "1-0"]
[WhiteCountry "USA"]
[BlackCountry "USA"]
[WhiteElo "1668"]
[WhiteRD "48"]
[BlackElo "1635"]
[BlackRD "63"]
[GameID "292467"]

1. d4 d6 2. e4 Nf6 3. Nc3 c6 4. f3 g6 5. Be3 Bg7 6. Qd2 O-O 7. Nge2 Nbd7 8. O-O-O b5 9. Ng3 e6 10. h4 h5
11. Bd3 a5 12. f4 a4 13. Nce2 Ba6 14. f5 b4 15. fxg6 Bxd3 16. Qxd3 Ng4 17. gxf7+ Rxf7 18. Nxh5 Kh7 19. e5+ Rf5 20. Neg3 Nxe3
21. Nxf5 Nxd1 22. Nfxg7+ Kg8 23. Qg6 Kh8 24. Qh6+ Kg8 25. Qxe6+ Kh8 26. Qh6+ Kg8 27. Rxd1 Ra7 28. Qe6+ Kh8 29. Qxd6 Qxh4 30. e6 Nf6
31. Qd8+
1-0

[Event "September Blitz"]
[Site "SchemingMind.com"]
[Date "2011.09.07"]
[Round "-"]
[White "berra"]
[Black "abuteague"]
[Result "1-0"]
[WhiteCountry "SWE"]
[BlackCountry "USA"]
[WhiteElo "1513"]
[WhiteRD "65"]
[BlackElo "1604"]
[BlackRD "66"]
[GameID "292468"]

1. Nf3 d6 2. c4 e5 3. e4 Nf6 4. Nc3 Bg4 5. Be2 Be7 6. O-O O-O 7. d4 Bxf3 8. Bxf3 Nc6 9. d5 Nd4 10. b4 Nxf3+
11. Qxf3 h6 12. Qg3 Kh7 13. h3 Ng8 14. Qg4 Bg5 15. Ne2 Bxc1 16. Nxc1 Nf6 17. Qf3 Qd7 18. Ne2 Qa4 19. a3 Qc2 20. Nc3 a6
21. Ra2 Qb3 22. Qd3 Nxe4 23. Qxe4+ Kh8 24. Qd3 e4 25. Qd4 b5 26. c5 dxc5 27. Qxc5 Rfc8 28. Rb1 Qc4 29. Qxc4 bxc4 30. Rc1 Rd8
31. Rd1 Re8 32. Rd4 e3 33. f3 Rad8 34. Ne2
1-0

[Event "September Blitz"]
[Site "SchemingMind.com"]
[Date "2011.09.09"]
[Round "-"]
[White "emvarela"]
[Black "abuteague"]
[Result "0-1"]
[WhiteCountry "ARG"]
[BlackCountry "USA"]
[WhiteElo "1728"]
[WhiteRD "46"]
[BlackElo "1635"]
[BlackRD "63"]
[GameID "292469"]

1. e4 d6 2. d4 Nf6 3. Nc3 c6 4. f4 Qa5 5. Bd3 e5 6. Nf3 Bg4 7. Be3 Be7 8. dxe5 dxe5 9. fxe5 Bxf3 10. gxf3 Qxe5
11. f4 Qa5 12. Qd2 Bb4 13. a3 Bxc3 14. Qxc3 Qxc3+ 15. bxc3 Nbd7 16. Rg1 g6 17. O-O-O O-O-O 18. Bxa7 b6 19. Ba6+ Kc7 20. e5 Nd5
21. c4 Nxf4 22. Rge1 Nc5
0-1

[Event "September Blitz"]
[Site "SchemingMind.com"]
[Date "2011.09.07"]
[Round "-"]
[White "kenneth m day"]
[Black "abuteague"]
[Result "1-0"]
[WhiteCountry "USA"]
[BlackCountry "USA"]
[WhiteElo "1943"]
[WhiteRD "55"]
[BlackElo "1635"]
[BlackRD "63"]
[GameID "292470"]

1. d4 d6 2. e4 Nf6 3. Nc3 c6 4. Nf3 Qa5 5. Bd2 e5 6. Bd3 Bg4 7. dxe5 dxe5 8. Nd5 Qd8 9. Ne3 Bxf3 10. Qxf3 Bc5
11. O-O O-O 12. Rad1 Nbd7 13. Nf5 Qb6 14. b3 Rad8 15. Qg3 g6 16. Nh6+ Kg7 17. Bg5 Rde8 18. Rd2 Nh5 19. Nf5+ Kh8 20. Qh4 Qa5
21. a4 Bb4 22. Rdd1 Ng7 23. Nxg7 Kxg7 24. Bc4 Kg8 25. Rxd7 b5 26. Bxf7+ Rxf7 27. Rxf7 Kxf7 28. Qxh7+ Ke6 29. Qxg6+ Kd7 30. Rd1+
1-0

[Event "September Blitz"]
[Site "SchemingMind.com"]
[Date "2011.09.07"]
[Round "-"]
[White "Clive Everill"]
[Black "jtrochez1"]
[Result "1-0"]
[WhiteCountry "CZE"]
[BlackCountry "HON"]
[WhiteElo "1790"]
[WhiteRD "52"]
[BlackElo "1571"]
[BlackRD "53"]
[GameID "292476"]

1. e4 e5 2. Nc3 Nf6 3. f4 d6 4. Nf3 Bg4 5. h3 Bxf3 6. Qxf3 c6 7. d3 Be7 8. fxe5 dxe5 9. Bg5 Nbd7 10. O-O-O O-O
11. g4 h6 12. Be3 Nh7 13. h4 Bxh4 14. Qf5 g6 15. Qf3 g5 16. Be2 f6 17. Rh3 Kh8 18. Rdh1 b5 19. Rxh4 gxh4 20. Rxh4 Ng5
21. Rxh6+ Kg7 22. Qh1 Rh8 23. Bxg5 fxg5 24. Rxh8 Qxh8 25. Qg2 a5 26. Nd1 Kg8 27. Ne3 Qh4 28. Qg1 Qh8 29. Nf5 Qf6 30. Qh2 Qh8
31. Qg1 Qf6 32. Qh1 Qh8 33. Qg2 Kf7 34. Qf2 Qf8 35. d4 Ke8 36. dxe5 Nxe5 37. Qd4 Nd7 38. Nd6+ Kd8 39. e5 Qf4+ 40. Qxf4 gxf4
41. e6 Nf6 42. Bf3 Rc8 43. Nxc8 Kxc8 44. Bxc6 b4 45. e7 f3 46. Bxf3 Kd7 47. g5 Kxe7 48. gxf6+ Kxf6 49. c3 bxc3 50. bxc3 Ke5
51. Kb2 Kd6 52. Kb3 Kc5 53. a4 Kb6 54. Kc4 Ka6 55. Kc5
1-0

[Event "September Blitz"]
[Site "SchemingMind.com"]
[Date "2011.09.07"]
[Round "-"]
[White "Clive Everill"]
[Black "e_castle3"]
[Result "0-1"]
[WhiteCountry "CZE"]
[BlackCountry "PHI"]
[WhiteElo "1790"]
[WhiteRD "52"]
[BlackElo "1877"]
[BlackRD "52"]
[GameID "292477"]

1. e4 Nc6 2. d4 d5 3. exd5 Qxd5 4. Nf3 Bg4 5. Be2 O-O-O 6. c4 Qh5 7. Be3 Bxf3 8. Bxf3 Qa5+ 9. Nc3 Ne5 10. Bxb7+ Kxb7
11. Qb3+ Ka8 12. dxe5 Qxe5 13. O-O e6 14. Qa4 Bc5 15. Bxc5 Qxc5 16. Rad1 Nf6 17. Nb5 c6 18. Rxd8+ Rxd8 19. Qa5 Qb6 20. Qxb6 axb6
21. Nc3 Kb7 22. Rd1 Rxd1+ 23. Nxd1 Ne4 24. f4 Ka6 25. Kf1 Nd2+ 26. Ke2 Nxc4 27. b3 Nd6 28. Kd3 f5 29. Ne3 c5 30. h3 Kb5
31. a3 Kc6 32. g3 b5 33. g4 g6 34. g5 Ne4 35. h4 Nf2+ 36. Ke2 Ng4 37. Nc2 e5 38. fxe5 Nxe5 39. Ke3 c4 40. b4 Kd5
41. Kf4 Ng4 42. h5 c3 43. hxg6 hxg6 44. Kf3 Kc4 45. Ke2 Kb3 46. Kd1 Nf2+ 47. Kc1 Ne4 48. Kb1 Nxg5 49. Nd4+ Kc4 50. Nc2 f4
51. Ka2 Kd3 52. Kb3 f3 53. a4 bxa4+ 54. Kxa4 Kxc2 55. b5 f2 56. b6 f1=Q 57. b7 Qa6+
0-1